| 000 | 00488nam a22001817a 4500 | ||
|---|---|---|---|
| 003 | BD-DhUL | ||
| 005 | 20210826115628.0 | ||
| 008 | 180909s1944 ii ||||| |||| 00| 0 urd d | ||
| 040 |
_aBD-DhUL _cBD-DhUL |
||
| 082 |
_a891.431 _bJYI |
||
| 100 | 1 | _aجیدی، ساغر | |
| 245 | 1 |
_aاثبات / _cساغر جیدی |
|
| 260 |
_aبمبئ : _bکمبل یوش، _c۱۹۴۴۔ |
||
| 300 |
_aص۔ ۱۴۴ ؛ _c۲۲ سم۔ |
||
| 365 |
_aRS _b30.00 |
||
| 650 | 4 | _aUrdu poetry | |
| 942 |
_2ddc _cBK |
||
| 999 |
_c243366 _d243366 |
||